[Event "ACL-A070"]
[Site "www.playchess.de"]
[Date "2001.03.23"]
[Round "15"]
[White "Habi"]
[Black "cabe"]
[WhiteElo "1500"]
[BlackElo "1500"]
[PlyCount "57"]
[Result "1-0"]

1.e4 e5 2.d4 exd4 3.Qxd4 Nc6 4.Qa4 Nf6 5.Bg5 Bc5 
6.Nf3 h6 7.Bh4 O-O 8.Nc3 Bb4 9.O-O-O Bxc3 10.bxc3 
Qe7 11.Bb5 Qxe4 12.Bxf6 Qxa4 13.Bxa4 gxf6 14.Rhe1 
Kh7 15.Bxc6 bxc6 16.Re7 Rb8 17.Nd4 Kg6 18.Rd3 h5 
19.Re4 f5 20.Rf4 h4 21.Rxh4 c5 22.Rg3+ Kf6 23.Rh6+ 
Ke5 24.Nf3+ Kd5 25.c4+ Kxc4 26.Nd2+ Kd5 27.Rd3+ 
Ke5 28.Re3+ Kf4 29.Nf3 1-0

[Event "HCL-B149"]
[Site "www.playchess.de"]
[Date "2001.03.23"]
[Round "11"]
[White "Nils"]
[Black "Riza"]
[WhiteElo "1707"]
[BlackElo "1321"]
[PlyCount "29"]
[Result "1-0"]

1.e4 c6 2.d4 d5 3.exd5 cxd5 4.Nf3 Nc6 5.Be2 Nf6 
6.O-O Bf5 7.Nh4 Bg6 8.c3 e6 9.Nxg6 hxg6 10.h3 Bd6 
11.Qa4 a6 12.Nd2 b5 13.Qd1 Qc7 14.Nf3 O-O-O 
15.a4 1-0

[Event "HCL-C161"]
[Site "www.playchess.de"]
[Date "2001.03.23"]
[Round "7"]
[White "Hefley"]
[Black "Buziness"]
[WhiteElo "1000"]
[BlackElo "1000"]
[PlyCount "42"]
[Result "0-1"]

1.e4 e6 2.d4 d5 3.exd5 exd5 4.Bd3 Bb4+ 5.c3 Qe7+ 
6.Qe2 Ba5 7.b4 Bb6 8.a4 a5 9.Ba3 axb4 10.Bxb4 c5 
11.Qxe7+ Nxe7 12.dxc5 Bc7 13.Ne2 O-O 14.O-O Bd7 
15.a5 Nbc6 16.Re1 Nxa5 17.Nd4 Nc4 18.Rxa8 Rxa8 
19.Rxe7 Ra1 20.Rxd7 Nb2 21.Rxc7 
g6 0-1

[Event "ACL-A083"]
[Site "www.playchess.de"]
[Date "2001.03.23"]
[Round "5"]
[White "guerino"]
[Black "stud"]
[WhiteElo "1500"]
[BlackElo "1500"]
[PlyCount "47"]
[Result "1-0"]

1.e4 e5 {hey gl 2 u}  2.Nf3 Nc6 3.Bb5 Bc5 4.c3 
Nge7 5.d4 exd4 6.cxd4 Bb4+ 7.Bd2 Bxd2+ 8.Qxd2 d5 
9.Nc3 Be6 10.O-O O-O 11.e5 a6 12.Ba4 b5 13.Bc2 Bg4 
14.Qd3 Ng6 15.h3 Nb4 16.Qd2 Nxc2 17.Qxc2 Bxf3 
18.gxf3 Qg5+ 19.Kh1 Qf4 20.Qd3 Nh4 21.Ne2 Qxf3+ 
22.Qxf3 Nxf3 23.Kg2 Ng5 24.Rac1 1-0

[Event "HCL-A071"]
[Site "www.playchess.de"]
[Date "2001.03.23"]
[Round "10"]
[White "Bishopf7"]
[Black "Stema"]
[WhiteElo "1700"]
[BlackElo "1686"]
[PlyCount "32"]
[Result "0-1"]

1.d4 Nf6 2.c4 e6 3.Nf3 b6 4.a3 Bb7 5.Nc3 d5 6.Bg5 
Be7 7.cxd5 exd5 8.e3 O-O 9.Bd3 Nbd7 10.O-O h6 
11.Bh4 g5 12.Bg3 Ne4 13.Bc2 f5 14.Nxe4 fxe4 15.Ne5 
Nxe5 16.Bxe5 Bf6 0-1

[Event "HCL-B161"]
[Site "www.playchess.de"]
[Date "2001.03.23"]
[Round "3"]
[White "ixix"]
[Black "boricua-beefcake"]
[WhiteElo "1855"]
[BlackElo "1700"]
[PlyCount "23"]
[Result "1-0"]

1.c4 {Hello from New Jersey USA. Glad to be 
playing this game with you.}  c5 {I'm from NYC 
originally from Puerto Rico}  2.g3 g6 3.Bg2 Bg7 
4.Nc3 Nc6 5.a3 Nf6 6.Rb1 O-O 7.b4 d6 8.bxc5 dxc5 
9.d3 b6 10.Bxc6 Rb8 11.Bb2 h6 12.Bg2 1-0

[Event "HCL-A072"]
[Site "www.playchess.de"]
[Date "2001.03.23"]
[Round "16"]
[White "Fuky"]
[Black "peze"]
[WhiteElo "1700"]
[BlackElo "1959"]
[PlyCount "30"]
[Result "0-1"]

1.e4 {I am Jan Farek from czech rep.hello}  e5 
{Hello! My name is Peter. I come from 
Wuppertal/Germany. Let's have a nice game.}  2.Nf3 
{ok o)) you are plaid chess tourament?}  Nf6 
{"plaid" ??}  3.d4 {sorry}  Nxe4 4.dxe5 {play}  d5 
5.Bd3 Nc5 6.O-O Bg4 7.Be3 Nxd3 8.cxd3 Nd7 9.d4 Be7 
10.Nc3 c6 11.h3 Bh5 12.Rc1 O-O 13.Re1 Re8 14.Rc2 
Nf8 15.Qe2 Ne6 0-1

[Event "ACL-A082"]
[Site "www.playchess.de"]
[Date "2001.03.23"]
[Round "1"]
[White "the_king"]
[Black "Quantic_Brain"]
[WhiteElo "1500"]
[BlackElo "1500"]
[PlyCount "46"]
[Result "0-1"]

1.c4 c5 2.d3 Nc6 3.Nc3 Nf6 4.Nf3 d5 5.cxd5 Nxd5 
6.Nxd5 Qxd5 7.e4 Qd6 8.g3 e5 9.Bg2 Be7 10.O-O O-O 
11.Bg5 Bxg5 12.Nxg5 h6 13.Nf3 Rd8 14.Nh4 Qxd3 
15.Qxd3 Rxd3 16.Rad1 Rxd1 {I'd like to play on...} 
 17.Rxd1 {ok}  Nd4 18.Nf3 Bg4 {As I told you 
before I'd like to finish our game....no draw for 
the moment!}  19.Rd3 {but i like to offer draw}  
c4 20.Rc3 {i will make you accept it}  Ne2+ 21.Kf1 
Nxc3 22.bxc3 Rd8 23.Nxe5 Rd1+ 0-1

[Event "HCL-B158"]
[Site "www.playchess.de"]
[Date "2001.03.23"]
[Round "18"]
[White "adamant"]
[Black "plobi"]
[WhiteElo "885"]
[BlackElo "1234"]
[PlyCount "41"]
[Result "1-0"]

1.c4 e5 {good luck!}  2.Nc3 Nc6 3.g3 d6 4.Bg2 Be6 
5.d3 Qd7 6.Nf3 Nf6 7.O-O h6 8.Nd2 O-O-O 9.Qa4 d5 
{sorry for my delay ...}  10.b3 Bh3 {it's a very 
interesting game ...}  11.a3 Bxg2 12.Kxg2 d4 
13.Nce4 Ng4 14.b4 b6 15.Nb3 f5 16.Ned2 Kb8 17.Bb2 
Nf6 18.b5 Ne7 19.c5 Ned5 20.c6 Qd6 21.Qa6 {Its 
mate in a few moves!}  1-0

[Event "HCL-A074"]
[Site "www.playchess.de"]
[Date "2001.03.23"]
[Round "9"]
[White "mrchess"]
[Black "Hubble"]
[WhiteElo "1591"]
[BlackElo "1625"]
[PlyCount "46"]
[Result "1/2-1/2"]

1.d4 {good luck}  g6 2.e4 Bg7 3.Nf3 d6 4.Nc3 Nc6 
5.Be2 Bg4 6.Be3 e5 7.d5 Nce7 8.h3 Bd7 9.Bb5 f5 
10.Bxd7+ Qxd7 11.Qe2 fxe4 12.Nd2 Nf6 13.Qc4 O-O 
14.Ndxe4 Nxe4 15.Nxe4 Nf5 16.Qb3 Nxe3 17.Qxe3 Qf5 
18.O-O h6 19.c4 Rf7 20.Rac1 b6 21.b3 Raf8 22.Rc2 
g5 23.f3 a5 1/2-1/2

[Event "HCL-B174"]
[Site "www.playchess.de"]
[Date "2001.03.23"]
[Round "11"]
[White "mladsir"]
[Black "rafita"]
[WhiteElo "821"]
[BlackElo "1365"]
[PlyCount "97"]
[Result "1-0"]

1.e4 Nf6 2.e5 Nd5 3.d4 {Hi from Croatia! 
Alekhin's! This should be interesting!}  d6 {hope 
so. Greetings from Mexico City}  4.c4 Nb6 5.f4 
dxe5 6.fxe5 Bf5 7.Nf3 e6 8.Bd3 Bxd3 9.Qxd3 c5 
10.O-O Nc6 11.Be3 cxd4 12.Bxd4 Bc5 13.Rd1 Bxd4+ 
14.Nxd4 Nxe5 15.Qc3 Nbxc4 16.b3 Nb6 17.Na3 Qh4 
18.Nf5 exf5 19.Qxe5+ Qe7 20.Qxg7 Qxa3 21.Qxh8+ Qf8 
22.Rde1+ Kd7 23.Rad1+ Kc6 24.Qc3+ Qc5+ 25.Qxc5+ 
Kxc5 26.Re5+ Kb4 27.Rxf5 Ka3 28.Rd2 Rf8 29.Rdf2 f6 
30.g4 h6 31.h4 Rg8 32.Rg2 Nd7 33.Ra5+ Kb4 34.Rxa7 
Nc5 35.Kf2 Rb8 36.Kf3 Kb5 37.Kf4 Na6 38.Kf5 Kb6 
39.Rxa6+ {Do you have ELO rating (or other)?}  
bxa6 {no, not at all. I only play on the net these 
days...}  40.Kxf6 {You play pretty well, 
concerning that you just play it for fun!}  Kc5 
{you also play well, after all, i'm two pawns down 
here...}  41.Re2 Rb6+ 42.Re6 Rb4 43.Kf5 h5 44.Re4 
a5 45.Rxb4 Kxb4 46.g5 Ka3 47.g6 Kxa2 48.g7 Kxb3 
49.g8Q+ {%}  1-0

[Event "HCL-B174"]
[Site "www.playchess.de"]
[Date "2001.03.23"]
[Round "13"]
[White "Jozef_De_Meye"]
[Black "rafita"]
[WhiteElo "1552"]
[BlackElo "1365"]
[PlyCount "112"]
[Result "0-1"]

1.d4 Nf6 2.c4 g6 3.Nc3 d5 4.e3 Bg7 5.Nf3 O-O 6.Be2 
c5 7.cxd5 Nxd5 8.Nxd5 Qxd5 9.O-O Nc6 10.Bb5 Bg4 
11.Bxc6 Qxc6 12.dxc5 Qxc5 13.a3 Rfd8 14.Qe2 Qh5 
15.h3 Bxf3 16.Qxf3 Qxf3 17.gxf3 Rac8 18.Rb1 Rd3 
19.b4 Rc2 20.a4 Be5 21.f4 Bf6 22.Kg2 Kf8 23.e4 e6 
24.e5 Be7 25.Re1 Rcc3 26.Re3 Ke8 27.Rxd3 Rxd3 
28.Be3 Ra3 29.a5 a6 30.Bc5 Bxc5 31.bxc5 Rxa5 
32.Rxb7 Rxc5 33.Ra7 Ra5 34.Ra8+ Ke7 35.Ra7+ Kf8 
36.Kg3 Ra1 37.f3 a5 38.Kg4 a4 39.Kg5 Kg7 40.Ra5 a3 
41.Kh4 a2 42.Ra3 Kf8 43.Ra8+ Ke7 44.Ra7+ Kd8 
45.Ra8+ Kc7 46.Ra3 Kb6 47.Ra8 Kc5 48.Rc8+ Kd4 
49.Ra8 Ke3 50.Ra3+ Kf2 51.Ra8 Kxf3 52.Kg5 Rg1+ 
53.Kf6 a1Q {%}  54.Rxa1 Rxa1 55.Kxf7 Kxf4 56.Kxe6 
Ra5 0-1

[Event "ACL-A093"]
[Site "www.playchess.de"]
[Date "2001.03.23"]
[Round "8"]
[White "malkawi2000"]
[Black "Zsozso"]
[WhiteElo "1500"]
[BlackElo "1548"]
[PlyCount "36"]
[Result "0-1"]

1.e4 c5 2.Nf3 Nc6 3.d4 cxd4 4.Nxd4 Nf6 5.Nc3 e5 
6.Ndb5 d6 7.Bg5 a6 8.Na3 {hi}  b5 9.Nd5 Be7 {Hi}  
10.Bxf6 Bxf6 11.c3 O-O 12.Nc2 Bg5 13.h4 Bh6 14.g4 
Bf4 15.Nce3 Bxe3 16.Nxe3 Be6 17.Bg2 Ra7 18.Nf5 
Rd7 0-1

[Event "HCL-A075"]
[Site "www.playchess.de"]
[Date "2001.03.23"]
[Round "17"]
[White "dynamitedan"]
[Black "hisamawi_s"]
[WhiteElo "2004"]
[BlackElo "1700"]
[PlyCount "33"]
[Result "1-0"]

1.d4 {Greetings from Perth Western Australia - 
good luck in the tournament}  c5 2.d5 b5 {from 
irbed Jordan hiiii   my freind and good luck}  
3.e4 a6 4.a4 b4 5.Nf3 g6 6.Bc4 Bg7 7.d6 e6 8.Bg5 
Qb6 9.Ra2 Nc6 10.O-O Ne5 11.Nxe5 Bxe5 12.f4 Bxd6 
13.a5 Qc6 14.e5 Be7 15.Bxe7 Nxe7 16.Be2 Bb7 
17.Bf3 1-0

[Event "ACL-A093"]
[Site "www.playchess.de"]
[Date "2001.03.23"]
[Round "17"]
[White "malkawi2000"]
[Black "peze2"]
[WhiteElo "1500"]
[BlackElo "2014"]
[PlyCount "54"]
[Result "0-1"]

1.e4 e5 2.Nf3 Nf6 3.Nc3 Nc6 4.Bc4 Nxe4 5.Nxe4 d5 
6.Qe2 dxc4 7.Nc3 Be6 8.Nxe5 Nd4 9.Qe4 f5 10.Qxb7 
{hast du international rating}  Rb8 {Nein. Ich bin 
nur Hobbie-Spieler! Just for fun!}  11.Qa6 {Ich 
glaube du hast gute rating , weil du gut spielst . 
wie alt bist}  Qd6 {Ich bin 54 Jahre alt und 
spiele seit meiner Jugend Schach. Aber keine 
offiziellen Turniere.}  12.Qa4+ c6 13.Nf3 Rb4 
14.Qxa7 Nxc2+ 15.Kd1 Nxa1 16.Re1 Be7 17.Nd4 Bd7 
18.Ndb5 cxb5 19.Qa8+ Kf7 20.Qxh8 h6 21.Qa8 Bc6 
22.Qc8 Bxg2 23.Qxf5+ Qf6 24.Qb1 Qxf2 25.b3 cxb3 
26.Qxa1 Bf3+ 27.Ne2 Bxe2+ 0-1

[Event "HCL-A075"]
[Site "www.playchess.de"]
[Date "2001.03.23"]
[Round "24"]
[White "Guano"]
[Black "kondor"]
[WhiteElo "1700"]
[BlackElo "1590"]
[PlyCount "58"]
[Result "0-1"]

1.e4 {good luck..i'm 15 male from belgium}  d5 
{hi!}  2.exd5 Nf6 3.d4 Nxd5 4.c4 Nb4 5.a3 {my 
brother used to play this as black too.. great 
supprise effect :)}  N4c6 {Sorry...:)}  6.Nf3 Bg4 
7.d5 {no problem :p}  Ne5 8.Be2 Bxf3 9.Bxf3 c6 
10.Nc3 g6 11.O-O Bg7 12.Qe2 O-O 13.Bf4 Nxf3+ 
14.Qxf3 cxd5 15.cxd5 Qb6 16.b4 Nd7 17.Rfe1 Rac8 
18.Ne4 Bxa1 19.Rxa1 Rfe8 20.Qh3 Qd4 21.Re1 Qxd5 
22.Qh6 Nf6 23.Ng5 e5 24.Be3 b6 25.h4 Rc3 26.h5 
Rxa3 27.hxg6 hxg6 28.Bc1 Rb3 29.f4 
Qd4+ 0-1

[Event "ACL-A090"]
[Site "www.playchess.de"]
[Date "2001.03.23"]
[Round "8"]
[White "hisamawi_s"]
[Black "juppsie"]
[WhiteElo "1500"]
[BlackElo "1500"]
[PlyCount "37"]
[Result "1-0"]

1.e4 {hiiiii}  Nc6 {hi gl}  2.Nf3 {good luck!!!}  
d5 3.exd5 Qxd5 4.Nc3 Qa5 5.d4 Bg4 6.Bb5 O-O-O 
7.Bxc6 bxc6 8.Qe2 Nf6 9.O-O e6 10.Bd2 Kb7 11.b4 
Qh5 12.Bf4 Bxf3 13.gxf3 Rxd4 14.Bg3 Bd6 15.Na4 
Rxb4 16.Rab1 Qb5 17.c4 Qxa4 18.a3 Rb6 
19.Qd3 1-0

[Event "ACL-A090"]
[Site "www.playchess.de"]
[Date "2001.03.23"]
[Round "16"]
[White "Gruhni"]
[Black "peze2"]
[WhiteElo "1392"]
[BlackElo "2014"]
[PlyCount "78"]
[Result "0-1"]

1.e4 e5 2.Nf3 Nf6 3.Bc4 Nc6 4.d3 Bc5 5.Nc3 h6 
6.Be3 Bxe3 7.fxe3 d6 8.O-O Na5 9.Bb5+ c6 10.Ba4 b5 
11.Bb3 O-O 12.a3 Qb6 13.Qe2 b4 14.axb4 Nxb3 
15.cxb3 Qxb4 16.Qc2 Be6 17.Nd2 Rfb8 18.Ra3 Qc5 
19.Re1 Ng4 20.Nf1 Rb7 21.h3 Nf6 22.Nd2 Rab8 23.Qd1 
Nd7 24.Na4 Qa5 25.Nc3 Qb6 26.Nc4 Bxc4 27.bxc4 Qxb2 
28.Qa1 Qd2 29.Ra2 Qxd3 30.Rxa7 Rxa7 31.Qxa7 Qxc3 
32.Rf1 Rd8 33.Qc7 Qxe3+ 34.Kh1 Qb6 35.Qxd6 c5 
36.Qe7 Nf6 37.Qxe5 Rd4 38.Ra1 Rxc4 39.Qf5 
Rxe4 0-1

[Event "HCL-C184"]
[Site "www.playchess.de"]
[Date "2001.03.23"]
[Round "20"]
[White "man"]
[Black "Stef"]
[WhiteElo "1000"]
[BlackElo "957"]
[PlyCount "34"]
[Result "0-1"]

1.e4 e5 2.Nf3 Nc6 3.Bb5 Nf6 4.d3 Bb4+ 5.c3 Ba5 
6.b4 Bb6 7.O-O O-O 8.Bxc6 dxc6 9.Nxe5 Bd4 10.Nc4 
Bg4 11.Qd2 h5 12.cxd4 Qxd4 13.Bb2 Qe5 14.Nxe5 {??? 
That wasn't very good I don't think???}  Rae8 
15.Nxg4 Nxg4 16.Qg5 g6 17.h3 Ne5 0-1

[Event "HCL-E028"]
[Site "www.playchess.de"]
[Date "2001.03.23"]
[Round "9"]
[White "peze2"]
[Black "Radost"]
[WhiteElo "2294"]
[BlackElo "1959"]
[PlyCount "57"]
[Result "1-0"]

1.c4 e5 {Ich vergass, dich willkommen zu heissen, 
entschuldige!}  2.Nc3 {Auch ich vergaß...! Ich 
ünsche uns ein schönes Spiel. Viel Glück!}  Nc6 
{Danke}  3.Nf3 Bc5 4.e3 d6 5.d4 exd4 6.exd4 Bb4 
7.Bd3 Bg4 8.O-O Bxc3 9.bxc3 Qd7 10.Re1+ Nge7 11.h3 
Bxf3 12.Qxf3 O-O 13.Re2 Rfe8 14.Bg5 f6 15.Bd2 Ng6 
16.Be4 Na5 17.Qh5 Nc6 18.Rae1 Nce7 19.Bxb7 Rab8 
20.Bf3 Qa4 21.c5 {Sorry Frank, aber diese Partie 
kann ich gewinnen. Gruß Peter}  Qxa2 {ok}  22.cxd6 
cxd6 23.Bd5+ Nxd5 24.R2xe8+ Rxe8 25.Rxe8+ Kf7 
26.Rb8 Nde7 27.Be3 Qa1+ 28.Kh2 Qxc3 
29.Rb7 1-0

[Event "HCL-B182"]
[Site "www.playchess.de"]
[Date "2001.03.23"]
[Round "9"]
[White "Ogor"]
[Black "LUPES"]
[WhiteElo "1500"]
[BlackElo "1781"]
[PlyCount "20"]
[Result "0-1"]

1.e4 e5 2.Nf3 Nc6 3.Nc3 Nf6 4.Bb5 Nd4 5.Nxd4 exd4 
6.e5 dxc3 7.exf6 Qxf6 8.bxc3 c6 9.Be2 Bc5 10.O-O 
O-O 0-1

[Event "HCL-B183"]
[Site "www.playchess.de"]
[Date "2001.03.23"]
[Round "4"]
[White "Tumbleweed"]
[Black "Bauernopfer"]
[WhiteElo "1200"]
[BlackElo "1307"]
[PlyCount "68"]
[Result "0-1"]

1.e4 e5 2.Nc3 Bc5 3.Bc4 d6 4.Qf3 Qf6 5.Nd5 Qxf3 
6.Nxf3 Kd8 7.c3 c6 8.Nb4 Bxb4 9.cxb4 f6 10.b5 Ne7 
11.bxc6 Nbxc6 12.O-O Bg4 13.Be2 Rc8 14.Re1 {Hello. 
  Do you speak English?}  Nb4 {Yes, I do. What do 
you want to know?}  15.Rd1 Ng6 {.}  16.a3 Nc2 
17.Ra2 Nf4 18.Kf1 Nxe2 19.Kxe2 Nd4+ 20.Kf1 Nb3 
21.h3 Nxc1 22.Ra1 Bxf3 23.gxf3 Nd3 24.b4 Rc2 25.a4 
Nxb4 26.Rab1 a5 27.d4 Ke7 28.dxe5 dxe5 29.Kg2 Rhc8 
30.Kg3 b6 31.f4 R8c3+ 32.f3 exf4+ 33.Kxf4 Rf2 
34.Rdf1 Rcxf3+ 0-1

[Event "HCL-B185"]
[Site "www.playchess.de"]
[Date "2001.03.23"]
[Round "7"]
[White "jack-up"]
[Black "Translightor"]
[WhiteElo "1543"]
[BlackElo "1413"]
[PlyCount "46"]
[Result "0-1"]

1.e4 c5 2.Bc4 e6 3.Nc3 Nc6 4.b3 Nf6 5.Bb2 Be7 
6.Qf3 a6 7.O-O-O Ne5 8.Qg3 d6 9.Qxg7 Rg8 10.Qh6 
Rxg2 11.Nh3 Rg6 12.Qe3 Nxc4 13.bxc4 Ng4 14.Qf3 Ne5 
15.Qh5 Nxc4 16.Qxh7 Qb6 17.Qh8+ Kd7 18.Ba1 Bf6 
19.Qf8 Rg7 20.Ng5 Rxg5 21.Qxf7+ Be7 22.Na4 Qb4 
23.Bf6 Qxa4 0-1

[Event "HCL-B190"]
[Site "www.playchess.de"]
[Date "2001.03.23"]
[Round "21"]
[White "Gruhni"]
[Black "GKChesterton"]
[WhiteElo "1313"]
[BlackElo "1500"]
[PlyCount "25"]
[Result "1-0"]

1.e4 {Hello from Frankfurt in Germany!}  e5 {Hello 
from NY in the USA}  2.Nf3 c5 3.Bc4 f6 4.Nc3 Ne7 
5.d3 d6 6.Nd5 Nec6 7.Be3 f5 8.Ng5 Na5 9.Bb5+ Nbc6 
10.Bxc6+ bxc6 11.Nc3 h6 12.Qh5+ Ke7 
13.Qf7+ 1-0

[Event "HCL-B195"]
[Site "www.playchess.de"]
[Date "2001.03.23"]
[Round "9"]
[White "Hamburger"]
[Black "Terry_Bohannon"]
[WhiteElo "1241"]
[BlackElo "1500"]
[PlyCount "43"]
[Result "1-0"]

1.d4 Nf6 2.c4 d6 3.Nc3 c6 4.e4 e5 5.dxe5 Ng4 
6.exd6 Qxd6 7.Qxd6 Bxd6 8.Nf3 Ne5 9.Be2 O-O 10.O-O 
Bg4 11.Nxe5 Bxe2 12.Nxe2 Bxe5 13.f4 Bd6 14.b3 Bc5+ 
15.Kh1 Nd7 16.Bb2 f6 17.Rad1 Rad8 18.Nd4 Rfe8 
19.Rfe1 Bxd4 20.Bxd4 c5 21.Bc3 Nb6 {Sorry, I went 
on vacation and forgot about the game}  
22.e5 1-0

[Event "HCL-B195"]
[Site "www.playchess.de"]
[Date "2001.03.23"]
[Round "19"]
[White "Ludger"]
[Black "GAZOLA"]
[WhiteElo "1329"]
[BlackElo "1500"]
[PlyCount "71"]
[Result "1-0"]

1.d4 d5 2.e4 e6 3.Be3 Nc6 4.Nd2 dxe4 5.f3 f5 
6.fxe4 fxe4 7.Nxe4 Qh4+ 8.Ng3 Bd6 9.Qh5+ Qxh5 
10.Nxh5 g6 11.Nf4 e5 12.dxe5 Bxe5 13.c3 Bf5 
14.O-O-O Nf6 15.Ngh3 Bxh3 16.Nxh3 O-O 17.Bc4+ Kg7 
18.Ng5 Na5 19.Bb3 Nxb3+ 20.axb3 a6 21.Ne6+ Kg8 
22.Nxf8 Rxf8 23.g3 Ng4 24.Bd4 Bxd4 25.Rxd4 h5 
26.Rd7 Rc8 27.Rf1 Nxh2 28.Rff7 Ng4 29.Rdxc7 Rxc7 
30.Rxc7 b5 31.Kd2 Nf2 32.Ke3 Nd1+ 33.Kf4 Nxb2 
34.Kg5 Nd3 35.Kxg6 Ne5+ 36.Kxh5 1-0

[Event "HCL-A086"]
[Site "www.playchess.de"]
[Date "2001.03.23"]
[Round "1"]
[White "peze"]
[Black "Felix"]
[WhiteElo "2005"]
[BlackElo "1674"]
[PlyCount "59"]
[Result "1-0"]

1.e4 {Hallo! Auf ein Neues!}  c5 {Jupp! Wird schon 
schiefgehen! 8-)}  2.Nf3 d6 3.d4 cxd4 4.Nxd4 Nf6 
5.f3 Nc6 6.Nc3 g6 7.Be3 Bg7 8.Qd2 O-O 9.O-O-O d5 
10.exd5 Nxd5 11.Nxc6 bxc6 12.Bd4 e5 13.Bc5 Be6 
14.Ne4 Re8 15.h4 h5 16.c4 Qc7 17.Bd6 Qb6 18.Ng5 
Ne3 19.c5 Nxf1 20.cxb6 Nxd2 21.b7 Rab8 22.Bxb8 
Rxb8 23.Nxe6 fxe6 24.Kxd2 Rxb7 25.b3 Bf8 26.Ke2 
Kf7 27.Rdc1 c5 28.Rhd1 Kf6 29.Rc4 Rb4 
30.Rd7 1-0

[Event "HCL-C193"]
[Site "www.playchess.de"]
[Date "2001.03.23"]
[Round "28"]
[White "miskolc"]
[Black "lienk"]
[WhiteElo "1000"]
[BlackElo "1083"]
[PlyCount "63"]
[Result "1-0"]

1.e4 e5 {Hello. Have a great game.}  2.Nf3 
{thanks, same to you.}  Nc6 3.Bb5 a6 4.Ba4 b5 
5.Bb3 h6 6.O-O Nf6 7.c3 Bb7 8.d4 exd4 9.cxd4 Nxe4 
10.Re1 d5 11.Bxd5 Qxd5 12.Nc3 Qc4 13.Rxe4+ Ne7 
14.d5 Qc5 15.Be3 Qd6 16.Bf4 Qg6 17.Bxc7 Kd7 
18.Ne5+ Kxc7 19.Nxg6 Nxg6 20.d6+ Bxd6 21.Nd5+ Bxd5 
22.Qxd5 Ne7 23.Qxf7 Raf8 24.Rxe7+ Bxe7 25.Qxe7+ 
Kb6 26.Qxg7 Rhg8 27.Qxh6+ Ka5 28.b4+ Ka4 29.Qxa6+ 
Kxb4 30.Qc6 Rfc8 31.Rb1+ Ka5 32.Qxb5+ 1-0

[Event "HCL-A086"]
[Site "www.playchess.de"]
[Date "2001.03.23"]
[Round "5"]
[White "appieh58"]
[Black "Felix"]
[WhiteElo "1355"]
[BlackElo "1674"]
[PlyCount "42"]
[Result "0-1"]

1.e4 c5 2.d4 cxd4 3.c3 d3 4.Bxd3 d6 5.Nf3 Bg4 
6.Qb3 Bxf3 7.gxf3 Qc7 8.Be3 Nc6 9.Nd2 Nf6 10.f4 e6 
11.O-O-O O-O-O 12.Bb5 Kb8 13.Nc4 Nxe4 14.Bxc6 Qxc6 
15.Na5 Qa6 16.Qa4 d5 17.f5 Nc5 18.Bxc5 Bxc5 
19.fxe6 fxe6 20.Qf4+ Bd6 21.Qa4 
b5 0-1

[Event "HCL-A086"]
[Site "www.playchess.de"]
[Date "2001.03.23"]
[Round "10"]
[White "appieh58"]
[Black "Lydeking"]
[WhiteElo "1355"]
[BlackElo "1658"]
[PlyCount "44"]
[Result "1/2-1/2"]

1.e4 c5 2.d4 cxd4 3.c3 dxc3 4.Nxc3 Nc6 5.Nf3 d6 
6.Bc4 a6 7.O-O Nf6 8.Qe2 Bg4 9.Rd1 e6 10.Bg5 Ne5 
11.Bb3 Be7 12.Bxf6 Bxf6 13.h3 Nxf3+ 14.gxf3 Bxh3 
15.Kh2 Be5+ 16.Kxh3 Qg5 17.Rdg1 Qh5+ 18.Kg2 Qh2+ 
19.Kf1 Rc8 20.Rc1 O-O 21.Qd2 Bf4 22.Qc2 
Bxc1 1/2-1/2

[Event "HCL-B201"]
[Site "www.playchess.de"]
[Date "2001.03.23"]
[Round "5"]
[White "didiet68"]
[Black "thg007"]
[WhiteElo "1200"]
[BlackElo "1200"]
[PlyCount "47"]
[Result "1-0"]

1.e4 {hi.this is my first game}  Nc6 2.d4 d6 {Hi, 
didiet68, are you from Monaco (I believed that is 
Monaco flag, am I right?)}  3.Bb5 {no i'm from 
indonesia..yes we've same colour of flag}  Bd7 {So 
sorry, I should have recognised your country flag 
right away, but somehow miss out the obvious.}  
4.Nf3 {no problem ..and you are..from.....??}  a6 
{Kuala Lumpur, Malaysia}  5.Bxc6 {negara 
jiran...bisa bhs melayu kan.?}  bxc6 {Tahu sikit. 
But more at ease with English.}  6.Nc3 
{ok.nice..how old..and what do you do in living 
..study/work..?}  Nf6 {I'm 40+, young at heart, 
and is an accountant.}  7.h3 e6 {What about you - 
age, occupation? Are you from Jakarta or some 
other city?}  8.Bg5 {i'm in makassar right 
now..south sulawesi...}  Be7 {Where about is 
Sulawesi?}  9.O-O {i'm 32..sulawesi is in central 
Indonesia..do you now makassar.\sulawesi is Known 
by Celebes}  h6 {Sorry, I'm not very familiar with 
all the islands of Indonesia. Tell me more about 
your island.}  10.Bxf6 Bxf6 11.e5 Bg5 12.Ne4 d5 
13.Nfxg5 hxg5 14.Nc5 Qb8 {Tell me more about 
Sulawesi.}  15.b3 Bc8 16.c3 {sulawesi is one of 
the island in indonesia centercan't tell you more 
cause.just see the world map..}  a5 {Don't think 
all the islands' names can be seen on the map. 
Which town in Sulawesi are you staying?}  17.Qg4 
{i live in makassar..south sulawesi..and u..??}  
f6 {I live in Kuala Lumpur, capital of Malaysia.}  
18.exf6 {what do you do in living.,.how old are 
u..?}  gxf6 {I'm an accountant, 42 years young. 
Married. Two kids. And you?}  19.Nxe6 {I'm an 
Architect, 32 years, married..i'm waiting for the 
first child..now my wife's pregnant 9 month}  Rh4 
20.Qe2 Re4 {Besides playing chess, what other 
games do you play? Badminton (National game for 
Indonesians)?}  21.Qh5+ {no. just chess..and 
jogging..simple sports and how about u.?}  Ke7 
22.Nc5 Rh4 {Me too. Besides chess, I also reads 
and listen to music.}  23.Rae1+ {well.i like that 
too.and i always watching F1 liket at sepang}  Kd6 
{Oh, no, I'm in big trouble (ie this game)...}  
24.Qf7 {yes..and i think your queen at b8 and your 
Rook at a8 is passive pieces}  1-0

[Event "HCL-A092"]
[Site "www.playchess.de"]
[Date "2001.03.23"]
[Round "17"]
[White "kiki"]
[Black "sage"]
[WhiteElo "1700"]
[BlackElo "1600"]
[PlyCount "24"]
[Result "0-1"]

1.e4 {hello from Greece}  e5 {hi, from USA and 
good luck}  2.Nf3 Nc6 3.Bb5 d6 4.O-O Nf6 5.Re1 Be7 
6.h3 O-O 7.c3 a6 8.Ba4 b5 9.Bc2 h6 10.d4 Bd7 
11.Nbd2 Nh7 12.Nf1 Qc8 0-1

[Event "ACL-A110"]
[Site "www.playchess.de"]
[Date "2001.03.23"]
[Round "10"]
[White "oliverio_g"]
[Black "flywheel"]
[WhiteElo "1500"]
[BlackElo "1500"]
[PlyCount "22"]
[Result "0-1"]

1.e4 {Hi flywheel.}  e5 {hello Oliverio ,How's 
Spain this time of year?}  2.Nf3 {Cold and rainy, 
as usual here in the north of Spain.}  Nc6 {Same 
here in Iowa, plus alot of snow.}  3.Bc4 {still 
didn´t snow here but it wont take long..}  Nf6 
4.Nc3 Bb4 5.Bb5 d5 6.exd5 Nxd5 7.Nxe5 Qg5 8.Nxc6 
O-O 9.Nxb4 Qxg2 10.Ncxd5 Qxh1+ 11.Bf1 {Your givin 
me a hard time man..}  Bh3 0-1